Edexcel Conflict Poetry Quotes - Statistics

General Stats
  • This quiz has been taken 115 times
  • The average score is 21 of 75
Answer Stats
Hint Answer % Correct
Angel of _____ spread his wings on the blast Death
85%
I told my _____, my _____ did end. wrath
82%
My foe outstretch'd beneath the ____. tree
79%
I _____ him dead because- because he was my foe shot
64%
Half a _____, half a ______, Half a _______ onward, league
62%
______ to the left of them, ______ to right of them, ______ in front of them Cannon
59%
Rode the 6 ______. hundred
59%
Red rope of ____ love
59%
The Assyrian army came down like a ____ on the ____ wolf fold
59%
Explain ______ yuself
56%
I water'd it in _____, fears
54%
My fair-haired son my, shame, my _____, pride
54%
But _______ happens. nothing
51%
And with soft ______ wiles. deceitful
46%
mix red and _____ \n is a half-caste canvas green
46%
One summer evening (___ __ ___) I found led by her
41%
Your love was writ in ____ sand
41%
And it grew both ___ and ____, day night
38%
it was raining ______ marks, exclamation
38%
wore me like a ______ knot golden
38%
You ______ a fellow down shoot
38%
is a half-caste _______ symphony
38%
He bound you with his ____ ring
36%
lead a _____less _____ful life shame
36%
the tents were all _____, their banners alone, silent
36%
Who can say? It is _____ now. silent
36%
Our brains ache, in the merciless ____ ____ winds that knive us... iced east
33%
Right many a ______ nipperkin
33%
An juss fe de record, some of me best friends are ____. white
33%
How can you tell what ____ I'm from? class
31%
Was out of ____ - had sold his traps work
31%
But ranged as ________ infantry
28%
A fusillade of ______-marks. question
28%
troubled _____ pleasure
26%
Someone had _______'d: blunder
23%
our first \n Fierce _________, confrontation
23%
a _____ to my dreams trouble
23%
I _____ all over the walls wrote
23%
All the alleyways and side streets blocked with stops and _____. colons
21%
Like the ______ of the forest when Summer is _____ leaves green
21%
Pale flakes with fingering _____ come feeling for our faces - stealth
21%
straight, _____, long strong
21%
wild, ______ circles tender
21%
mouth too small for her ____ _____, dark scream
18%
Storm'd at with shot and _____, shell
18%
host their _____ Banners
15%
But I bear de _____ brunt
15%
Sitting on your _____ (we have a yard)? patio
15%
Why can't I escape? Every move is _____. punctuated
15%
The _______ of the frame is flexible reassurance
15%
sun-gilded girls rolling, ____-crumpled, on the grass in champagne ______ silk giggles
15%
________ light sparkling
15%
an de _____ of yu mind whole
15%
'Cos we live in a _____, corpy
13%
Mother _____ get it right country
13%
Less _____ than the air that shudders black with snow, deadly
13%
Later a single ____ flew from the pear tree, dove
13%
I ______ half a ______ dream
13%
the world overflowing like a ______ _____. treasure chest
13%
Itself - an ______ on the map. This ______ line, a burst of rapid fire.... asterisk hyphenated
10%
Now I am branded _____ athletic
10%
3) Sir, laughter is _____ to the _____ mouth. bitter burned
10%
arbitrary as a _____ _____ on a wall. blood stain
10%
Worried by silence, sentries whisper, _______, nervous, curious
10%
staggering down some ______ street, devastated
10%
growing still in stature the ____ shape grim
10%
I can teach yu of _____ Timbuktu
10%
Is it because my hands are stained with t___? \n Instead of soft lily-white with perfume and ___? oil
8%
leaned against it like a ______. wishbone
8%
there were no more ____ buds
5%
Well ____! mate
5%
2) Did they hold ceremonies to reverence the _____ of buds? opening
5%
I pinned one onto your _____, crimped petals, ______ of paper red, lapel spasms
3%
When bombs smashed those _____ there was time only to _____. mirrors scream
3%
without a winter coat or _______ of scarf, gloves reinforcements
0%
No matching quizzes found
Score Distribution
Percent of People with Each Score
Percentile by Number Answered
Your Score History
You have not taken this quiz